| 000 | 00962nam a22002057a 4500 | ||
|---|---|---|---|
| 999 |
_c15086 _d15086 |
||
| 003 | OSt | ||
| 082 | _2631.75807 ARU/ST | ||
| 088 | _aP 311 | ||
| 100 |
_aARUNYA S. KUMAR _93488 |
||
| 245 | _aStandardization of irrigation requirement of cowpea under naturally ventilaed poly house | ||
| 260 |
_aTavanur 2015 _bDepartment of Land and Water Resource and Conservation Engineering |
||
| 300 | _a54 | ||
| 500 | _aStandardization of irrigation requirement of cowpea under naturally ventilaed poly house | ||
| 520 | _athe present study was undertaken with the objective to determine the effect of different irrigation levels of yield of cowpea under naturally ventilated poly house. it was conducted at the experimental plot of PFDC farm, KCAET, Tavanur. | ||
| 700 |
_aAthulya T. K _93489 |
||
| 700 |
_aSahla N _93490 |
||
| 700 |
_aDr. Abdul Hakkim V. M (Guide) _93491 |
||
| 856 | _uhttps://drive.google.com/open?id=1RhLY_w2H5vrco9qysawcsW-OcFiNc88T | ||
| 942 | _cPR | ||